| 000 | 00883nam a2200229 i 4500 | ||
|---|---|---|---|
| 001 | 17484 | ||
| 003 | ES-MaACL | ||
| 005 | 20231122134045.0 | ||
| 007 | t| | ||
| 008 | 010316s2000 sp ||||1| spa d | ||
| 020 | _a84-7039-863-6 | ||
| 080 | _a929 Ganivet, Angel (063) | ||
| 080 | _a821.134.2 Ganivet, Angel 1.06 (063) | ||
| 245 | 0 | 0 |
_aEstudios sobre la vida y la obra de Ángel Ganivet _b: a propósito de las "Cartas finlandesas" / _cedición de Mª Carmen Díaz de Alda Heikkilèa. |
| 260 |
_aMadrid : _bCastalia, _c[2000] |
||
| 300 |
_a252 p. ; _c24 cm. |
||
| 600 | 1 | 4 |
_aGanivet, Ángel, _d1865-1898- _vCongresos y asambleas _953865 |
| 700 | 1 |
_aDíaz de Alda Heikkilä, Carmen. _944211 |
|
| 711 | 2 |
_aCongreso Internacional Finlandia y Ganivet : a propósito de las "Cartas finlandesas" (1898-1998) ( _d1998) _9468 |
|
| 852 |
_aES-MaACL _jL-24289 |
||
| 999 |
_c17484 _d17484 |
||